000 00341nam a2200133Ia 4500
008 240624s9999 xx 000 0 und d
041 _aeng
082 _a200 SAT
100 _aSATYAMURTI CAROLE
245 _aMAHABHARATA A MODERN RETELLING
260 _c2017
_aNew Delhi
_bViva Books
300 _axxxviii, 888 p.; 23 cm.
365 _cRS
_b35
999 _c31691
_d31691